<?xml version="1.0" encoding="UTF-8"?>
<record
    xmlns:xsi="http://www.w3.org/2001/XMLSchema-instance"
    xsi:schemaLocation="http://www.loc.gov/MARC21/slim http://www.loc.gov/standards/marcxml/schema/MARC21slim.xsd"
    xmlns="http://www.loc.gov/MARC21/slim">

  <leader>02400nam a2200325 a 4500</leader>
  <controlfield tag="001">000000669</controlfield>
  <controlfield tag="003">DO-SdBNP</controlfield>
  <controlfield tag="005">20250621074003.0</controlfield>
  <controlfield tag="008">090422s2002    dr      r     001 0 spa d</controlfield>
  <datafield tag="040" ind1=" " ind2=" ">
    <subfield code="a">DO-SdBNP</subfield>
    <subfield code="b">spa</subfield>
    <subfield code="c">BNPHU</subfield>
  </datafield>
  <datafield tag="082" ind1=" " ind2=" ">
    <subfield code="a">352.367</subfield>
    <subfield code="b">K65p</subfield>
  </datafield>
  <datafield tag="100" ind1="1" ind2=" ">
    <subfield code="a">Klinger Pevida, Eduardo</subfield>
    <subfield code="9">2240</subfield>
  </datafield>
  <datafield tag="245" ind1="1" ind2="3">
    <subfield code="a">El proceso de reforma y modernizaci&#xF3;n del Estado en la Rep&#xFA;blica Dominicana :</subfield>
    <subfield code="b">observaciones y comentarios /</subfield>
    <subfield code="c">Eduardo Klinger Pevida.</subfield>
  </datafield>
  <datafield tag="260" ind1=" " ind2=" ">
    <subfield code="a">[Santo Domingo] :</subfield>
    <subfield code="b">CONARE :</subfield>
    <subfield code="b">PAIRE,</subfield>
    <subfield code="c">2002.</subfield>
  </datafield>
  <datafield tag="300" ind1=" " ind2=" ">
    <subfield code="a">147 p. ;</subfield>
    <subfield code="c">22 cm.</subfield>
  </datafield>
  <datafield tag="500" ind1=" " ind2=" ">
    <subfield code="a">Incluye relaci&#xF3;n de programas y proyectos de reformas.</subfield>
  </datafield>
  <datafield tag="504" ind1=" " ind2=" ">
    <subfield code="a">Incluye referencias bibliogr&#xE1;ficas y notas al pie de p&#xE1;ginas.</subfield>
  </datafield>
  <datafield tag="505" ind1="0" ind2=" ">
    <subfield code="t">Introducci&#xF3;n --</subfield>
    <subfield code="t">Fundamentos para un debate --</subfield>
    <subfield code="t">La descentralizaci&#xF3;n --</subfield>
    <subfield code="t">La reforma del Estado --</subfield>
    <subfield code="t">La modernizaci&#xF3;n --</subfield>
    <subfield code="t">El dilema entre estado y mercado --</subfield>
    <subfield code="t">Democracia y gobernabilidad --</subfield>
    <subfield code="t">Los objetivos de la reforma --</subfield>
    <subfield code="t">El Conare --</subfield>
    <subfield code="t">Reformas pol&#xED;ticas --</subfield>
    <subfield code="t">La Reforma Constitucional --</subfield>
    <subfield code="t">Consideraciones sobre otras reformas pol&#xED;ticas --</subfield>
    <subfield code="t">Criterios para la descentralizaci&#xF3;n -- Reforma en la administraci&#xF3;n p&#xFA;blica --</subfield>
    <subfield code="t">Reforma de la justicia --</subfield>
    <subfield code="t">El proceso de modernizaci&#xF3;n del Poder Ejecutivo --</subfield>
    <subfield code="t">Sector educaci&#xF3;n --</subfield>
    <subfield code="t">Salud p&#xFA;blica --</subfield>
    <subfield code="t">Ley de Sevicio Civil y Carrera Administrativa --</subfield>
    <subfield code="t">Reforma y modernizaci&#xF3;n econ&#xF3;mica --</subfield>
    <subfield code="t">El sector industrial --</subfield>
    <subfield code="t">Reforma arancelaria --</subfield>
    <subfield code="t">Turismo --</subfield>
    <subfield code="t">Problemas financieros --</subfield>
    <subfield code="t">La Contralor&#xED;a General de la Rep&#xFA;blica --</subfield>
    <subfield code="t">Presupuesto --</subfield>
    <subfield code="t">Reforma tributaria --</subfield>
    <subfield code="t">Reforma y modernizaci&#xF3;n de la Secretar&#xED;a de Estado de Relaciones Exteriores --</subfield>
    <subfield code="t">Modernizaci&#xF3;n del concepto y operatividad de la seguridad --</subfield>
    <subfield code="t">La reforma policial.</subfield>
  </datafield>
  <datafield tag="590" ind1=" " ind2=" ">
    <subfield code="a">Inventariado,2018/BT</subfield>
  </datafield>
  <datafield tag="650" ind1=" " ind2="4">
    <subfield code="a">Descentralizaci&#xF3;n administrativa</subfield>
    <subfield code="9">2241</subfield>
  </datafield>
  <datafield tag="650" ind1=" " ind2="4">
    <subfield code="a">Reforma parlamentaria</subfield>
    <subfield code="9">2242</subfield>
  </datafield>
  <datafield tag="651" ind1=" " ind2="4">
    <subfield code="a">Rep&#xFA;blica Dominicana</subfield>
    <subfield code="x">Pol&#xED;tica Econ&#xF3;mica</subfield>
    <subfield code="9">643</subfield>
  </datafield>
  <datafield tag="651" ind1=" " ind2="4">
    <subfield code="a">Rep&#xFA;blica Dominicana</subfield>
    <subfield code="x">Pol&#xED;tica Militar</subfield>
    <subfield code="9">2243</subfield>
  </datafield>
  <datafield tag="651" ind1=" " ind2="0">
    <subfield code="a">Rep&#xFA;blica Dominicana</subfield>
    <subfield code="x">Pol&#xED;tica y gobierno</subfield>
    <subfield code="9">45</subfield>
  </datafield>
  <datafield tag="651" ind1=" " ind2="4">
    <subfield code="a">Rep&#xFA;blica Dominicana</subfield>
    <subfield code="x">Administraci&#xF3;n P&#xFA;blica</subfield>
    <subfield code="9">657</subfield>
  </datafield>
  <datafield tag="710" ind1="1" ind2=" ">
    <subfield code="a">Rep&#xFA;blica Dominicana. Consejo Nacional de Reforma del Estado</subfield>
    <subfield code="b">Consejo Nacional de la Reforma del Estado (REP&#xDA;BLICA DOMINICANA)</subfield>
    <subfield code="9">64396</subfield>
  </datafield>
  <datafield tag="710" ind1="2" ind2=" ">
    <subfield code="a">Programa de Apoyo Inmediato a la Reforma del Estado (REP&#xDA;BLICA DOMINICANA)</subfield>
    <subfield code="9">2245</subfield>
  </datafield>
  <datafield tag="910" ind1=" " ind2=" ">
    <subfield code="a">Validado. Control de calidad. EMS</subfield>
  </datafield>
  <datafield tag="942" ind1=" " ind2=" ">
    <subfield code="2">ddc</subfield>
    <subfield code="c">LBS1</subfield>
  </datafield>
  <datafield tag="952" ind1=" " ind2=" ">
    <subfield code="0">0</subfield>
    <subfield code="1">0</subfield>
    <subfield code="5">6</subfield>
    <subfield code="7">0</subfield>
    <subfield code="8">DS</subfield>
    <subfield code="a">BNPHU</subfield>
    <subfield code="b">BNPHU</subfield>
    <subfield code="c">HD</subfield>
    <subfield code="d">2009-08-25</subfield>
    <subfield code="i">LF1</subfield>
    <subfield code="l">0</subfield>
    <subfield code="o">352.367 K65p</subfield>
    <subfield code="p">669-50</subfield>
    <subfield code="r">2020-06-25</subfield>
    <subfield code="t">e. 5</subfield>
    <subfield code="w">2020-06-25</subfield>
    <subfield code="y">LF1</subfield>
    <subfield code="Z">Pr&#xE9;stamo en sala</subfield>
  </datafield>
  <datafield tag="952" ind1=" " ind2=" ">
    <subfield code="0">0</subfield>
    <subfield code="1">0</subfield>
    <subfield code="5">6</subfield>
    <subfield code="7">0</subfield>
    <subfield code="8">DS</subfield>
    <subfield code="a">BNPHU</subfield>
    <subfield code="b">BNPHU</subfield>
    <subfield code="c">HD</subfield>
    <subfield code="d">2009-08-25</subfield>
    <subfield code="i">LF1</subfield>
    <subfield code="l">0</subfield>
    <subfield code="o">352.367 K65p</subfield>
    <subfield code="p">669-30</subfield>
    <subfield code="r">2020-06-25</subfield>
    <subfield code="t">e. 3</subfield>
    <subfield code="w">2020-06-25</subfield>
    <subfield code="y">LF1</subfield>
    <subfield code="Z">Pr&#xE9;stamo en sala</subfield>
  </datafield>
  <datafield tag="952" ind1=" " ind2=" ">
    <subfield code="0">0</subfield>
    <subfield code="1">0</subfield>
    <subfield code="5">6</subfield>
    <subfield code="7">0</subfield>
    <subfield code="8">DS</subfield>
    <subfield code="a">BNPHU</subfield>
    <subfield code="b">BNPHU</subfield>
    <subfield code="c">HD</subfield>
    <subfield code="d">2009-08-25</subfield>
    <subfield code="i">LF1</subfield>
    <subfield code="l">0</subfield>
    <subfield code="o">352.367 K65p</subfield>
    <subfield code="p">669-40</subfield>
    <subfield code="r">2020-06-25</subfield>
    <subfield code="t">e. 4</subfield>
    <subfield code="w">2020-06-25</subfield>
    <subfield code="y">LF1</subfield>
    <subfield code="Z">Pr&#xE9;stamo en sala</subfield>
  </datafield>
  <datafield tag="952" ind1=" " ind2=" ">
    <subfield code="0">0</subfield>
    <subfield code="1">0</subfield>
    <subfield code="7">2</subfield>
    <subfield code="8">PD</subfield>
    <subfield code="a">BNPHU</subfield>
    <subfield code="b">BNPHU</subfield>
    <subfield code="c">HD</subfield>
    <subfield code="d">2009-08-25</subfield>
    <subfield code="i">LF1</subfield>
    <subfield code="l">0</subfield>
    <subfield code="o">352.367 K65p</subfield>
    <subfield code="p">669-10</subfield>
    <subfield code="r">2020-06-25</subfield>
    <subfield code="w">2020-06-25</subfield>
    <subfield code="y">LF1</subfield>
    <subfield code="Z">No se presta</subfield>
  </datafield>
  <datafield tag="952" ind1=" " ind2=" ">
    <subfield code="0">0</subfield>
    <subfield code="1">0</subfield>
    <subfield code="7">2</subfield>
    <subfield code="8">PD</subfield>
    <subfield code="a">BNPHU</subfield>
    <subfield code="b">BNPHU</subfield>
    <subfield code="c">HD</subfield>
    <subfield code="d">2009-08-25</subfield>
    <subfield code="i">LF1</subfield>
    <subfield code="l">0</subfield>
    <subfield code="o">352.367 K65p</subfield>
    <subfield code="p">669-20</subfield>
    <subfield code="r">2020-06-25</subfield>
    <subfield code="t">e. 2</subfield>
    <subfield code="w">2020-06-25</subfield>
    <subfield code="y">LF1</subfield>
    <subfield code="Z">No se presta</subfield>
  </datafield>
  <datafield tag="999" ind1=" " ind2=" ">
    <subfield code="c">665</subfield>
    <subfield code="d">665</subfield>
  </datafield>
</record>
